Исследование распределения гидридов по толщине циркониевого сплава Э110 после наводороживания из газовой среды; Перспективы развития фундаментальных наук

Bibliografiset tiedot
Parent link:Перспективы развития фундаментальных наук.— 2015.— [С. 57-59]
Päätekijä: Бабихина М. Н.
Yhteisötekijä: Национальный исследовательский Томский политехнический университет (ТПУ) Физико-технический институт (ФТИ) Кафедра общей физики (ОФ)
Muut tekijät: Кудияров В. Н. Виктор Николаевич (научный руководитель)
Yhteenveto:Заглавие с экрана
The studyof hydrides distribution gradient in bulkof zirconium alloy E110afterhydrogenationwas performedby measuring theVickers microhardness. Hydride layer in the zirconium alloy has formed after hydrogenation at low temperature and high pressure.There is gradient distribution of hydrides and hydrogen in the hydride layer.That was confirmed by analysis of the hydrogen profile which was obtained by glow discharge optical emission spectrometry.
Kieli:venäjä
Julkaistu: 2015
Sarja:Физика
Aiheet:
Linkit:http://earchive.tpu.ru/handle/11683/19189
http://www.lib.tpu.ru/fulltext/c/2015/C21/010.pdf
Aineistotyyppi: MixedMaterials Elektroninen Kirjan osa
KOHA link:https://koha.lib.tpu.ru/cgi-bin/koha/opac-detail.pl?biblionumber=612923

MARC

LEADER 00000naa2a2200000 4500
001 612923
005 20231101132730.0
035 |a (RuTPU)RU\TPU\conf\11054 
035 |a RU\TPU\conf\11053 
090 |a 612923 
100 |a 20150701d2015 k y0rusy50 ca 
101 0 |a rus  |d eng 
102 |a RU 
105 |a a z 101zy 
135 |a drcn ---uucaa 
181 0 |a i  
182 0 |a b 
200 1 |a Исследование распределения гидридов по толщине циркониевого сплава Э110 после наводороживания из газовой среды  |d The investigation of hydrides bulk distribution in zirconium alloy E110 after hydrogenation at gas atmosphere  |f М. Н. Бабихина  |g науч. рук. В. Н. Кудияров 
203 |a Текст  |c электронный 
215 |a 1 файл(220 Кб) 
225 1 |a Физика 
230 |a Электронные текстовые данные (1 файл: 220 Кб) 
300 |a Заглавие с экрана 
320 |a [Библиогр.: с. 59 (5 назв.)] 
330 |a The studyof hydrides distribution gradient in bulkof zirconium alloy E110afterhydrogenationwas performedby measuring theVickers microhardness. Hydride layer in the zirconium alloy has formed after hydrogenation at low temperature and high pressure.There is gradient distribution of hydrides and hydrogen in the hydride layer.That was confirmed by analysis of the hydrogen profile which was obtained by glow discharge optical emission spectrometry. 
337 |a Adobe Reader 
463 1 |0 (RuTPU)RU\TPU\conf\10376  |t Перспективы развития фундаментальных наук  |l Prospects of fundamental sciences development  |o сборник научных трудов XII Международной конференция студентов и молодых ученых, г. Томск, 21-24 апреля 2015 г.  |f Национальный исследовательский Томский политехнический университет (ТПУ) ; Национальный исследовательский Томский государственный университет (ТГУ) ; Томский государственный архитектурно-строительный университет (ТГАСУ) ; Томский государственный университет систем управления и радиоэлектроники (ТУСУР) ; ред. кол. И. А. Курзина ; Г. А. Воронова ; С. А. Поробова  |v [С. 57-59]  |d 2015 
510 1 |a The investigation of hydrides bulk distribution in zirconium alloy E110 after hydrogenation at gas atmosphere  |z eng 
610 1 |a электронный ресурс 
610 1 |a труды учёных ТПУ 
610 1 |a гидриды 
610 1 |a циркониевые сплавы 
610 1 |a наводороживание 
610 1 |a газовые среды 
700 1 |a Бабихина  |b М. Н. 
702 1 |a Кудияров  |b В. Н.  |c физик  |c инженер Томского политехнического университета  |f 1990-  |g Виктор Николаевич  |2 stltpush  |4 727 
712 0 2 |a Национальный исследовательский Томский политехнический университет (ТПУ)  |b Физико-технический институт (ФТИ)  |b Кафедра общей физики (ОФ)  |h 136  |2 stltpush  |3 (RuTPU)RU\TPU\col\18734 
801 1 |a RU  |b 63413507  |c 20101016 
801 2 |a RU  |b 63413507  |c 20210128  |g RCR 
856 4 |u http://earchive.tpu.ru/handle/11683/19189 
856 4 |u http://www.lib.tpu.ru/fulltext/c/2015/C21/010.pdf 
942 |c BK